Posklizňová úprava a skladování zrna Studie VTR

Salvato in:
Dettagli Bibliografici
Autore principale: Maleř, Josef
Natura: Libro
Lingua:ceco
Pubblicazione: Praha Ústav vědeckotechnických informací pro zemědelství 1990
Edizione:1. vyd.
Tags: Aggiungi Tag
Nessun Tag, puoi essere il primo ad aggiungerne!!

MARC

LEADER 00000nam a2200000 4500
001 c032475
005 20221215120403.6
041 0 |a cze 
044 |a CZ 
245 1 0 |a Posklizňová úprava a skladování zrna  |b Studie VTR  |c Josef Maleř 
250 |a 1. vyd. 
264 1 |a Praha  |b Ústav vědeckotechnických informací pro zemědelství  |c 1990 
300 |a 66 s. 
100 1 |a Maleř, Josef